Central Library, Doon University
WEBOPAC (ONLINE PUBLIC ACCESS CATALOGUE)

Special Theory of Relativity (Record no. 60693)

MARC details
000 -LEADER
fixed length control field 00467nam a22001817a 4500
005 - DATE & TIME
control field 20260423121536.0
008 - FIXED-LENGTH DATA ELEMENTS--GENERAL INFORMATION
fixed length control field 260423b |||||||| |||| 00| 0 eng d
020 ## - ISBN
International Standard Book Number 9789384007430
Price 395.00
040 ## - CATALOGING SOURCE
Original cataloging agency Doon University
041 ## - Language
Language English
082 ## - DDC NUMBER
Classification number 530.11
Book Number MOR
100 ## - MAIN ENTRY--PERSONAL NAME
Personal name Morris, Dennis
245 ## - TITLE STATEMENT
Title Special Theory of Relativity
260 ## - PUBLICATION, DISTRIBUTION, ETC. (IMPRINT)
Place of publication, distribution, etc New Delhi
Name of publisher, distributor, etc MedTech Science Press
Date of publication, distribution, etc 2026
300 ## - PHYSICAL DESCRIPTION
Pages 314
650 ## - Subject
Subject Physics (PM USHA)
942 ## - ADDED ENTRY ELEMENTS (KOHA)
Koha item type Books
100 ## - MAIN ENTRY--PERSONAL NAME
-- 26695
650 ## - Subject
-- 26699
952 ## - LOCATION AND ITEM INFORMATION (KOHA)
-- 2026-04-23
952 ## - LOCATION AND ITEM INFORMATION (KOHA)
-- 2026-04-23
952 ## - LOCATION AND ITEM INFORMATION (KOHA)
-- 2026-04-23
Holdings
Withdrawn status Lost status Source of classification or shelving scheme Damaged status Not for loan Location (home branch) Sublocation or collection (holding branch) Date acquired Koha issues (times borrowed) Koha full call number Accession No. Koha date last seen Koha item type
          Doon University Doon University 23.04.2026   530.11 MOR 32761 23.04.2026 Books
          Doon University Doon University 23.04.2026   530.11 MOR 32762 23.04.2026 Books
          Doon University Doon University 23.04.2026   530.11 MOR 32763 23.04.2026 Books
Contact : +91-135-2533126 (Library),+91-135-2533105 (Admin Office) , Email : doonlibrary@gmail.com

Powered by Koha